000 00424nam a22001217a 4500
008 110523t xxu||||| |||| 00| 0 eng d
082 _222
_a348.042
245 _aEast African Court of Appeal Law Reports 1945 Vol.12 /
260 _aNairobi:
_bEast African Court of Appeal;
_c1945.
300 _av;
_c23cm.
942 _2ddc
_cBK
999 _c2177
_d2177